[Event "Tch-SWE 2002-3"]
[Site "Sweden SWE"]
[Date "2003.03.14"]
[Round "9"]
[White "Ong,Kez"]
[Black "Jepson,C"]
[Result "0-1"]
[WhiteElo "2174"]
[BlackElo "2412"]

1.e4 e5 2.Nf3 Nc6 3.Bb5 a6 4.Ba4 Nf6 5.O-O b5 6.Bb3 Bb7 7.Re1 Bc5 8.c3 d6
9.d4 Bb6 10.a4 h6 11.axb5 axb5 12.Rxa8 Qxa8 13.Qd3 O-O 14.Nh4 Na5 15.Bc2 Bxe4
16.Rxe4 Qxe4 17.Qxe4 Nxe4 18.Bxe4 Nb3 19.Be3 exd4 20.cxd4 Bxd4 21.Bd5 Bxe3
22.fxe3 Nc5 23.Nc3 Rb8 24.Nf5 Nd3 25.b3 Kf8 26.Nd4 Ne5 27.Be4 c6 28.Nf5 d5
29.Bc2 Ra8 30.h3 Ra1+ 31.Kf2 b4 32.Ne2 Ra2 33.Nfd4 c5 34.Nc1 Rb2 35.Nde2 Rxc2  0-1

[Event "Tch-SWE 2002-3"]
[Site "Sweden SWE"]
[Date "2003.03.15"]
[Round "10"]
[White "Berg,E"]
[Black "Barkhagen,J"]
[Result "0-1"]
[WhiteElo "2527"]
[BlackElo "2458"]

1.e4 e5 2.Nf3 Nc6 3.Bb5 a6 4.Ba4 Nf6 5.O-O b5 6.Bb3 Bb7 7.Re1 Bc5 8.c3 d6
9.d4 Bb6 10.Be3 O-O 11.Nbd2 h6 12.h3 Re8 13.Bc2 exd4 14.Bxd4 Nxd4 15.cxd4 Nd7
16.Nf1 c5 17.Ng3 cxd4 18.Nxd4 g6 19.Ndf5 gxf5 20.Nxf5 Qf6 21.Qxd6 Qxd6 22.Nxd6 Re6
23.e5 Bd5 24.Bf5 Re7 25.Rad1 Be6 26.Re4 Rd8 27.b4 Nxe5 28.Rxe5 Bc7 29.Bxe6 Rxe6
30.Rxe6 fxe6 31.Rc1 Bxd6 32.Rc6 Be5 33.f4 Bxf4 34.Rxa6 Bg3 35.Kf1 Rd2 36.Rxe6 Rd1+
37.Ke2 Re1+  0-1

[Event "TSIM March"]
[Site "Subotica YUG"]
[Date "2003.03.27"]
[Round "5"]
[White "Popovic,Du"]
[Black "Lukic,Milu"]
[Result "1-0"]
[WhiteElo "2435"]
[BlackElo "2241"]

1.e4 e5 2.Nf3 Nc6 3.Bb5 a6 4.Ba4 b5 5.Bb3 Bb7 6.O-O Nf6 7.d4 d6 8.Ng5 d5
9.dxe5 Nxe5 10.exd5 Bd6 11.Nc3 O-O 12.Bf4 Ng6 13.Bxd6 Qxd6 14.Nge4 Nxe4 15.Nxe4 Qe5
16.Nc5 Bc8 17.Nd3 Qd4 18.c3 Qf6 19.Qd2 Bf5 20.Nb4 Rfd8 21.Bc2 c5 22.Nc6 Rd6
23.Rad1 Rc8 24.Na5 Bxc2 25.Qxc2 Qg5 26.Qe4 Nf4 27.g3 Rg6 28.d6 f5 29.d7 Rf8
30.Qf3 Ne6 31.Nc6 Nd8 32.Nxd8 Qxd8 33.Rfe1  1-0

[Event "Bundesliga 2002-3"]
[Site "Bremen GER"]
[Date "2003.03.30"]
[Round "15"]
[White "Van Delft,M"]
[Black "Hector,J"]
[Result "0-1"]
[WhiteElo "2341"]
[BlackElo "2570"]

1.e4 e5 2.Nf3 Nc6 3.Bb5 a6 4.Ba4 Nf6 5.O-O b5 6.Bb3 Bb7 7.d3 Bc5 8.Nc3 d6
9.Nd5 Na5 10.Be3 Nxb3 11.Nxf6+ Qxf6 12.axb3 O-O 13.Qd2 Ba7 14.Bxa7 Rxa7 15.b4 Raa8
16.b3 Qe7 17.Ne1 d5 18.exd5 Bxd5 19.c4 Bb7 20.Nc2 Rad8 21.Qe3 Rfe8 22.Rfe1 Qd7
23.Rad1 Re6 24.f3 f6 25.Rd2 Rd6 26.Red1 Qf7 27.Na3 c6 28.Nb1 Bc8 29.Nc3 Bf5
30.Ne4 Rd4 31.Nc5 Qa7 32.Kf2 Qb6 33.Ra1 bxc4 34.bxc4 Qxb4 35.Nxa6 Qc3  0-1

[Event "Friendship Cup AZE-IRI"]
[Site "Baku AZE"]
[Date "2003.04.03"]
[Round "6"]
[White "Moradi,B"]
[Black "Shukurova,M"]
[Result "1/2-1/2"]
[WhiteElo "2216"]
[BlackElo "2250"]

1.e4 e5 2.Nf3 Nc6 3.Bb5 a6 4.Ba4 Nf6 5.O-O b5 6.Bb3 Bb7 7.d4 Nxd4 8.Nxd4 exd4
9.e5 Ne4 10.c3 dxc3 11.Qf3 d5 12.exd6 Qf6 13.Re1 O-O-O 14.Qg4+ Kb8 15.dxc7+ Kxc7
16.Qf4+ Qxf4 17.Bxf4+ Bd6 18.Bxd6+ Rxd6 19.Nxc3 Nxc3 20.Rac1 Rd7 21.Rxc3+ Kb8
22.Rce3 Rhd8 23.f3 Bd5 24.Bxd5 Rxd5 25.Kf2 R8d7 26.R1e2 Kb7 27.f4 g6 28.Kf3 h5
29.Re5 Rd3+ 30.Kf2 R3d4 31.f5 R4d6 32.fxg6 fxg6 33.h4 Rf6+ 34.Kg3 Rd3+ 35.Kh2 Rdd6
36.Rc2 Rd4 37.g3 Rfd6 38.Kg2 Rd2+ 39.Re2 Rxe2+ 40.Rxe2 Kc6 41.Kf3 Rf6+ 42.Ke3 Re6+
43.Kd3 Rxe2 44.Kxe2 Kd5 45.Kd3 Ke5 46.Ke3 Kf5 47.Kf3 b4 48.b3 g5 49.hxg5 Kxg5
50.Kf2 Kf5 51.Kf3 Kg5 52.Kf2  1/2-1/2

[Event "IV IM"]
[Site "Monaco MNC"]
[Date "2003.04.13"]
[Round "8"]
[White "Beudaert,X"]
[Black "Geenen,M"]
[Result "0-1"]
[WhiteElo "2293"]
[BlackElo "2345"]

1.e4 e5 2.Nf3 Nc6 3.Bb5 a6 4.Ba4 Nf6 5.O-O b5 6.Bb3 Bb7 7.c3 Nxe4 8.d4 Na5
9.Bc2 exd4 10.Nxd4 c5 11.Nf5 Qf6 12.Ne3 O-O-O 13.f3 Ng5 14.Ng4 Qe7 15.b4 Nc4
16.a4 cxb4 17.cxb4 Qxb4 18.axb5 axb5 19.Na3 Ne6 20.Kh1 Qc3 21.Nxc4 bxc4 22.Bd2 Qd4
23.Qe1 Bd6 24.Be3 Qb2 25.Be4 Bxe4 26.fxe4 h5 27.Ra8+ Bb8 28.Nf2 Qe5 29.Rxb8+ Qxb8
30.Qa5 d6 31.Bb6 Kd7 32.e5 Qa8 33.Qb4 Qc6 34.Bxd8 Rxd8 35.exd6 Nf4 36.Rg1 Re8
37.Qd2 Qxd6 38.Qc2 Re2 39.Qf5+ Ke7 40.Ne4 Qd5 41.Qxf4 Rxe4 42.Qb8 f6 43.h3 Qe5
44.Qg8 f5 45.Qh7 f4 46.Qg8 c3 47.Qb3 Re2 48.Qb7+ Kf6 49.Qc6+ Kf7 50.Rc1 c2
51.Qc4+ Kf6 52.Rxc2 Re1+ 53.Kh2 f3+ 54.g3 Re2+ 55.Kh1 Qa1+ 56.Rc1 Re1+  0-1

[Event "ch-FAI"]
[Site "Torshavn FAI"]
[Date "2003.04.14"]
[Round "4"]
[White "Bjarnason,S"]
[Black "Jepson,C"]
[Result "1-0"]
[WhiteElo "2258"]
[BlackElo "2412"]

1.e4 e5 2.Nf3 Nc6 3.Bb5 a6 4.Ba4 Nf6 5.O-O b5 6.Bb3 Bb7 7.Re1 Bc5 8.c3 d6
9.d4 Bb6 10.Be3 h6 11.a4 Ng4 12.Bc1 Nf6 13.Be3 Ng4 14.Bc1 O-O 15.axb5 axb5
16.Rxa8 Bxa8 17.h3 Nf6 18.Na3 exd4 19.cxd4 Na5 20.Bc2 b4 21.Nb1 Re8 22.Nbd2 c5
23.d5 Nd7 24.Ba4 f5 25.Nh4 Qxh4 26.Bxd7 c4 27.Re2 Rf8 28.Nf3 Qf6 29.Bxf5 Nb3
30.Bf4 Bc5 31.Bg3 Bb7 32.Be6+ Kh8 33.Qc2 Nd4 34.Nxd4 Qxd4 35.Rd2 b3 36.Rxd4 bxc2
37.Rxc4 Ba6 38.Rxc2 Bd3 39.Rxc5 dxc5 40.f3 Ra8 41.Kf2 Bc4 42.Be5 Ra6 43.g4 Ra1
44.h4 Rd1 45.g5 hxg5 46.hxg5 Kh7 47.Kg3 Bb3 48.Kf4 Rd3 49.Bg4 Ba4 50.Bf5+ g6
51.Bg4 Kg8 52.Be6+ Kh7 53.Bd6 c4 54.Be5 Bd1 55.Bg4 Kg8 56.Bc3 Kf7 57.Ke5 Bxf3
58.Be6+ Kg7 59.d6 Kh7 60.d7 Bd1  1-0

[Event "Commonwealth Ch"]
[Site "Mumbai IND"]
[Date "2003.04.21"]
[Round "2"]
[White "Saravanan,V"]
[Black "Rausis,I"]
[Result "1/2-1/2"]
[WhiteElo "2358"]
[BlackElo "2533"]

1.e4 e5 2.Nf3 Nc6 3.Bb5 a6 4.Ba4 Nf6 5.O-O b5 6.Bb3 Bb7 7.Re1 Bc5 8.c3 O-O
9.d4 Bb6 10.Be3 exd4 11.cxd4 Na5 12.Bg5 Nxb3 13.axb3 h6 14.Bh4 g5 15.Nxg5 Nxe4
16.Nf3 Qe8 17.Nc3 f5 18.Nd2 Qg6 19.Ndxe4 fxe4 20.Re3 Kh7 21.Qd2 Rf7 22.Rae1 Rg8
23.Rg3 Qh5 24.Rxg8 Kxg8 25.Bg3 Qf5 26.b4 Kh7 27.d5 Re7 28.Qf4 Qxf4  1/2-1/2

[Event "I Regina Prol"]
[Site "Santos BRA"]
[Date "2003.04.23"]
[Round "2"]
[White "Coelho,L"]
[Black "Neubauer,M"]
[Result "1/2-1/2"]
[WhiteElo "2409"]
[BlackElo "2415"]

1.e4 e5 2.Nf3 Nc6 3.Bb5 a6 4.Ba4 Nf6 5.O-O b5 6.Bb3 Bb7 7.d3 Bc5 8.Bg5 h6
9.Bh4 g5 10.Bg3 d6 11.c3 Qe7 12.d4 Bb6 13.dxe5 Nxe5 14.Nbd2 O-O-O 15.a4 Nxf3+
16.Qxf3  1/2-1/2

[Event "11th Sigeman & Co"]
[Site "Malmoe SWE"]
[Date "2003.05.03"]
[Round "5"]
[White "Ivanchuk,V"]
[Black "Hector,J"]
[Result "1-0"]
[WhiteElo "2704"]
[BlackElo "2553"]

1.e4 e5 2.Nf3 Nc6 3.Bb5 a6 4.Ba4 Nf6 5.O-O b5 6.Bb3 Bb7 7.d3 Bc5 8.Be3 d6
9.Bxc5 dxc5 10.c3 O-O 11.Qe2 Qd6 12.Nbd2 Rad8 13.Bc2 Bc8 14.Rfe1 Ne7 15.a4 Ng6
16.g3 Nh5 17.Qe3 Bg4 18.Qg5 Qe6 19.h3 Bxf3 20.Nxf3 Nf6 21.Kh2 Nd7 22.Qe3 Ne7
23.Nd2 Kh8 24.Qe2 Rb8 25.h4 Nc8 26.Nf3 Nd6 27.axb5 axb5 28.Ra6 h6 29.Kg1 Ra8
30.Rea1 Rxa6 31.Rxa6 Rb8 32.Qd1 Qe8 33.Ra7 Rb7 34.Rxb7 Nxb7 35.Qa1 Nd6 36.Qa6 Nb6
37.Kg2 g6 38.Qa3 Nd7 39.Bb3 c4 40.dxc4 Nxc4 41.Bxc4 bxc4 42.Qa5 c5 43.Nd2 Qe6
44.Qa4 f5 45.Nxc4 f4 46.Qa8+ Kg7 47.Qd5 Qe7 48.g4 Kf8 49.Kh3 Kg7 50.f3 Kf6
51.Kg2 Kg7 52.Kf1 Kf8 53.Ke2 Ke8 54.Nd6+ Kd8 55.Qa8+ Kc7 56.Nb5+ Kb6 57.c4 Nf6
58.Qb8+ Ka5 59.Nd4  1-0

[Event "11th Sigeman & Co"]
[Site "Malmoe SWE"]
[Date "2003.05.07"]
[Round "8"]
[White "McShane,L"]
[Black "Hector,J"]
[Result "1-0"]
[WhiteElo "2592"]
[BlackElo "2553"]

1.e4 e5 2.Nf3 Nc6 3.Bb5 a6 4.Ba4 Nf6 5.O-O b5 6.Bb3 Bb7 7.d3 Bc5 8.Be3 d6
9.Bxc5 dxc5 10.c3 O-O 11.Qe2 Qd6 12.Nbd2 Ne7 13.Rfe1 Ng6 14.g3 h6 15.Bc2 Nd7
16.a4 Rae8 17.Rad1 Nb6 18.axb5 axb5 19.d4 cxd4 20.cxd4 exd4 21.Qxb5 c5 22.b4 Rc8
23.e5 Qc7 24.Bf5 Nd5 25.Qxc5 Qxc5 26.bxc5 Rxc5 27.Nb3 Rc3 28.Nbxd4 Nde7 29.Be4 Bxe4
30.Rxe4 Rd8 31.Rde1 Rd3 32.Kg2 Nf8 33.h4 g6 34.h5 g5 35.Nc2 Ne6 36.Ne3 Rb8
37.Nh2 Rb2 38.Nhg4 Kg7 39.Ra1 Rd7 40.Ra8 Rbd2 41.Re8 Ra7 42.Rxe7 Rxe7 43.Nf5+ Kf8
44.Nxe7 Kxe7 45.Nxh6 Ng7 46.Rg4  1-0

[Event "TCh-RUS"]
[Site "Togliatti RUS"]
[Date "2003.05.18"]
[Round "3"]
[White "Kovalevskaya,E"]
[Black "Sivokho,S"]
[Result "1/2-1/2"]
[WhiteElo "2447"]
[BlackElo "2494"]

1.e4 e5 2.Nf3 Nc6 3.Bb5 a6 4.Ba4 Nf6 5.O-O b5 6.Bb3 Bb7 7.d3 Bc5 8.Nc3 d6
9.Bg5 h6 10.Bxf6 Qxf6 11.a4 bxa4 12.Nd5 Qd8 13.Rxa4 O-O 14.Ne3 Ne7 15.Nh4 Bc6
16.Ra1 Kh7 17.Qd2 g6 18.Ng4 Ng8 19.Nf3 Kg7 20.d4 exd4 21.Nxd4 Bxe4 22.Rfe1 Bb7
23.Bxf7 Bxd4 24.Bxg8 Kxg8 25.Qxd4 h5 26.Ne3 Qf6 27.Qxf6 Rxf6 28.Ra3 Re6 29.Rd1 Re5
30.Rc3 Rc8 31.h3 Kf7 32.b3 Rg5 33.f3 Ke7 34.Kf2 Kd7 35.Nc4 Rf8 36.Re3 Re8
37.Rxe8 Kxe8 38.Rd2 a5 39.Rd1 Ba6 40.Ne3 Rc5 41.Rd5 Rb5 42.Rd1 Bc8 43.Nd5 Rc5
44.Rd2 Be6 45.Nf6+ Ke7 46.Ne4 Re5 47.Nc3 Rc5 48.Na4 Re5 49.Nb2 Kf6 50.g4 hxg4
51.hxg4 g5 52.Nd3 Rb5 53.Ke3 a4 54.bxa4 Ra5 55.Nb2 Bd7 56.Rd4 Ra6 57.Rb4 c5
58.Rb8 Bxa4 59.Nxa4 Rxa4 60.Rf8+ Kg6 61.Rg8+ Kf6 62.Rf8+ Kg6 63.Rg8+  1/2-1/2

[Event "IEWCC"]
[Site "Istanbul TUR"]
[Date "2003.06.04"]
[Round "3"]
[White "Gerasimovitch,O"]
[Black "Djingarova,E"]
[Result "0-1"]
[WhiteElo "2200"]
[BlackElo "2310"]

1.e4 e5 2.Nf3 Nc6 3.Bb5 a6 4.Ba4 Nf6 5.O-O b5 6.Bb3 Bb7 7.Re1 Bc5 8.c3 d6
9.d4 Bb6 10.a4 O-O 11.axb5 axb5 12.Rxa8 Bxa8 13.Na3 exd4 14.cxd4 Na5 15.Bc2 b4
16.Nb1 h6 17.b3 Re8 18.Nbd2 Bb7 19.Bb2 Qa8 20.d5 Qa7 21.Rf1 Ng4 22.Qe2 Ba6
23.Nc4 c6 24.Nh4 Nxf2 25.Rxf2 cxd5 26.Nf5 Bxf2+ 27.Qxf2 Qxf2+ 28.Kxf2 dxc4
29.bxc4 Nxc4 30.Bxg7 Rb8 31.Bb3 Na5 32.Bd5 b3 33.Bb2 Nc4 34.Bxc4 Bxc4 35.Nxd6 Be6
36.Ke3 Rb6 37.Ne8 Rc6 38.Nf6+ Kf8 39.Ba3+ Kg7 40.Nh5+ Kh7 41.Nf6+ Kg6  0-1

[Event "4th IECC"]
[Site "Istanbul TUR"]
[Date "2003.06.08"]
[Round "9"]
[White "Kulaots,K"]
[Black "Delchev,A"]
[Result "1/2-1/2"]
[WhiteElo "2514"]
[BlackElo "2577"]

1.e4 e5 2.Nf3 Nc6 3.Bb5 a6 4.Ba4 Nf6 5.O-O b5 6.Bb3 Bb7 7.d3 Be7 8.Nc3 O-O
9.a4 b4 10.Nd5 Na5 11.Nxe7+ Qxe7 12.Ba2 d5 13.exd5 Qd6 14.Qe1 Rfe8 15.Bd2 Nxd5
16.Ng5 b3 17.Bxa5 bxa2 18.Qe4 Qh6 19.Bd2 Rab8 20.Qc4 Qg6 21.Rxa2 h6 22.Ne4 Nb6
23.Qxc7 Bd5 24.b3 Rbc8 25.Qa7 f5 26.f3 fxe4 27.fxe4 Rf8 28.Rxf8+ Rxf8 29.Be3 Qf6
30.Ra1 Nc8 31.Qc5 Ba8 32.Qc7 Qe6 33.Rf1 Rxf1+ 34.Kxf1 Qf7+ 35.Qxf7+ Kxf7
36.Bc5 Ne7 37.Ke2 Bc6 38.Ke3 Bd7 39.a5 Nc6 40.b4 Be6 41.c3 g5 42.d4 Bc4 43.Bd6 Kf6
44.Bc5 h5 45.g3 Bb5 46.Bd6 Ke6 47.Bc5 Nd8 48.Bf8 Nf7 49.h4 gxh4 50.gxh4 Nd6
51.Bg7 Nc4+ 52.Kf3 Ba4 53.dxe5 Be8 54.Kf4 Ba4 55.Kg5 Be8 56.Kf4 Bc6 57.Kg5 Be8
58.Kf4 Bb5 59.Kg5 Nd2 60.Kxh5 Ke7 61.Kg4 Be2+ 62.Kf4  1/2-1/2

[Event "IHEM"]
[Site "Hamburg GER"]
[Date "2003.06.10"]
[Round "4"]
[White "Moreno Carnero,J"]
[Black "Hector,J"]
[Result "1/2-1/2"]
[WhiteElo "2504"]
[BlackElo "2553"]

1.e4 e5 2.Nf3 Nc6 3.Bb5 a6 4.Ba4 Nf6 5.O-O b5 6.Bb3 Bb7 7.d3 Bc5 8.Be3 d6
9.Bxc5 dxc5 10.c3 O-O 11.Qe2 Qd6 12.Nbd2 Nd8 13.Qe3 Bc8 14.a4 Rb8 15.axb5 axb5
16.Rfd1 Be6 17.h3 Nd7 18.d4 Bxb3 19.Nxb3 exd4 20.cxd4 c4 21.Nbd2 Re8 22.b3 cxb3
23.Nxb3 f5 24.e5 Qd5 25.Nc5 Nb6 26.Qd3 Rf8 27.Qxb5 Ne6 28.Rab1 Nf4 29.Na6 Rbc8
30.Qb3 Rfd8 31.Nc5 h6 32.Qxd5+ Nbxd5 33.Rd2 Nc3 34.Re1 Kf7 35.Rc2 Nb5 36.Rc4 Rd5
37.Kh2 g5 38.g3 Nxh3 39.Kxh3 g4+ 40.Kg2 gxf3+ 41.Kxf3 Nxd4+ 42.Kg2 c6 43.Rh1 Rxe5
44.Rxd4 Rxc5 45.Rxh6 Rd5 46.Rxc6  1/2-1/2

[Event "Golden Cleopatra"]
[Site "Cairo EGY"]
[Date "2003.06.11"]
[Round "10"]
[White "Hakki,I"]
[Black "Van Hoolandt,P"]
[Result "1-0"]
[WhiteElo "2450"]
[BlackElo "2298"]

1.e4 e5 2.Nf3 Nc6 3.Bb5 a6 4.Ba4 Nf6 5.O-O b5 6.Bb3 Bb7 7.d3 Bc5 8.a4 d6
9.Nc3 b4 10.Nd5 h6 11.a5 O-O 12.c3 Rb8 13.d4 exd4 14.cxd4 Ba7 15.Re1 Re8
16.Qd3 Nxd5 17.Bxd5 Qc8 18.Bf4 Nd8 19.h3 Bc6 20.Rac1 Qd7 21.Bxc6 Nxc6 22.Qxa6 Nxd4
23.Qxa7 Nxf3+ 24.gxf3 Qxh3 25.Rxc7 Qxf3 26.Rxf7 Qg4+ 27.Bg3 Ra8 28.Qd7 Qg6
29.Rf4 Rxa5 30.Rg4 Qf7 31.Qxd6 Rh5 32.Rf4 Qb3 33.Qg6 Rhe5 34.Rg4 R5e7 35.Be5 Qh3
36.Re3 Qxg4+ 37.Qxg4 Rxe5 38.Qe2 Rg5+ 39.Kh2 Rc8 40.f4 Rgc5 41.Qa6 Rh5+ 42.Kg3 Rc2
43.b3 Rhh2 44.Qa8+ Kh7 45.e5 h5 46.e6 Rcf2 47.e7 g5 48.Qe4+ Kg7 49.Qg6+ Kxg6
50.e8=Q+  1-0

[Event "I Carvalho Mem Masters"]
[Site "Maia POR"]
[Date "2003.06.24"]
[Round "3"]
[White "Rocha,S"]
[Black "Santos,CP"]
[Result "1/2-1/2"]
[WhiteElo "2364"]
[BlackElo "2414"]

1.e4 e5 2.Nf3 Nc6 3.Bb5 a6 4.Ba4 Nf6 5.O-O b5 6.Bb3 Bb7 7.Re1 Bc5 8.c3 d6
9.d3 h6 10.Nbd2 O-O 11.Nf1 Ne7 12.Nh4 Qd7 13.h3 Rad8 14.Ng3 d5 15.Qe2 Ng6
16.Nhf5 dxe4 17.dxe4 Nf4 18.Bxf4 exf4 19.Nh5 Bxf2+ 20.Qxf2 Nxh5 21.Qa7 Bxe4
22.Nxh6+ gxh6 23.Rxe4 Qf5 24.Re2 Rd6 25.Qxc7 Rf6 26.Rf2 Rc8 27.Qb7 Ng3 28.Re1 Kg7
29.Qd5 Qxd5 30.Bxd5 Rd8 31.Bb3 Rd3 32.Rd1 Re6 33.Rb1 Red6 34.Kh2 Rf6 35.Re1 Rdd6
36.h4 Rd3 37.Bc2 Re3 38.Rd1 Ne4 39.Rf3 Re2 40.Bxe4 Rxe4 41.Rd2 Kg6 42.Kh3 Rfe6
43.Rfd3 Re3+ 44.Kh2 Rxd3 45.Rxd3 Re2 46.Kh3 Rxb2 47.Rd6+ Kf5 48.Rxa6 Rc2
49.Rc6 h5 50.Rc5+ Ke4 51.Rxb5 Rxc3+ 52.Kh2 Rc2 53.Kh3 Rc3+ 54.Kh2 Rc2 55.Kh3  1/2-1/2

[Event "ch-NED"]
[Site "Leeuwarden NED"]
[Date "2003.07.05"]
[Round "9"]
[White "L'Ami,E"]
[Black "Van der Wiel,J"]
[Result "1/2-1/2"]
[WhiteElo "2433"]
[BlackElo "2508"]

1.e4 e5 2.Nf3 Nc6 3.Bb5 a6 4.Ba4 Nf6 5.O-O b5 6.Bb3 Bb7 7.c3 Nxe4 8.d4 Na5
9.Nxe5 Nxb3 10.Qxb3 Nd6 11.c4 f6 12.c5 fxe5 13.cxd6 Bxd6 14.dxe5 Bxe5 15.Re1 Qe7
16.Bf4 d6 17.Bxe5 dxe5 18.a4 b4 19.Nd2 O-O-O 20.Nc4 Rd5 21.Rac1 Kb8 22.Qe3 Re8  1/2-1/2

[Event "Andorra"]
[Site "Andorra la Vella AND"]
[Date "2003.07.06"]
[Round "2"]
[White "Rodriguez Lopez,R"]
[Black "Delchev,A"]
[Result "0-1"]
[WhiteElo "2264"]
[BlackElo "2572"]

1.e4 e5 2.Nf3 Nc6 3.Bb5 a6 4.Ba4 Nf6 5.O-O b5 6.Bb3 Bb7 7.d3 Be7 8.Nc3 O-O
9.Nd5 Na5 10.Nxe7+ Qxe7 11.Re1 d6 12.Nh4 Bc8 13.Qf3 Nxb3 14.axb3 Bg4 15.Qg3 Qd7
16.h3 Be6 17.Bh6 Ne8 18.Bd2 Qc6 19.Rac1 a5 20.f4 exf4 21.Bxf4 a4 22.bxa4 Rxa4
23.b3 Ra2 24.c4 bxc4 25.bxc4 Ra3 26.Kh2 Nf6 27.Bd2 Qc5 28.Bc3 Nh5 29.Qf3 Rxc3  0-1

[Event "ch-SWE"]
[Site "Umea SWE"]
[Date "2003.07.08"]
[Round "9"]
[White "Wedberg,T"]
[Black "Hector,J"]
[Result "1/2-1/2"]
[WhiteElo "2539"]
[BlackElo "2553"]

1.e4 e5 2.Nf3 Nc6 3.Bb5 a6 4.Ba4 Nf6 5.O-O b5 6.Bb3 Bb7 7.Re1 Bc5 8.c3 d6
9.d4 Bb6 10.Be3 O-O 11.Nbd2 h6 12.h3 Re8 13.Qb1 Nb8 14.Bc2 Nbd7 15.a4 d5
16.Nxe5 dxe4 17.Nxd7 Qxd7 18.axb5 axb5 19.Rxa8 Bxa8 20.Nf1 b4 21.Nd2 Nd5
22.Qa1 Nxe3 23.fxe3 c5 24.Qa6 Qc7 25.Bb3 bxc3 26.bxc3 cxd4 27.cxd4 Ba5 28.Rf1 Bxd2
29.Bxf7+ Qxf7 30.Rxf7 Bxe3+ 31.Rf2 Rf8 32.Qa2+ Kh7 33.Qa3 Bxf2+ 34.Kf1 Rf7
35.Qxa8 Bxd4+ 36.Ke2 Re7 37.h4 Bf6 38.h5 Re5 39.g4 Bg5 40.Qc6 Re7 41.Qg6+ Kg8
42.Qc6 Kh7  1/2-1/2

[Event "1st Stage Russian Cup"]
[Site "Tomsk RUS"]
[Date "2003.07.10"]
[Round "7"]
[White "Mikhel,V"]
[Black "Belozerov,A"]
[Result "0-1"]
[WhiteElo "2303"]
[BlackElo "2541"]

1.e4 e5 2.Nf3 Nc6 3.Bb5 a6 4.Ba4 Nf6 5.O-O b5 6.Bb3 Bb7 7.Re1 Bc5 8.c3 d6
9.d4 Bb6 10.a4 h6 11.axb5 axb5 12.Rxa8 Qxa8 13.Na3 O-O 14.d5 Ne7 15.Nh4 c6
16.Qf3 Nh7 17.Nf5 Nxf5 18.Qxf5 cxd5 19.Nxb5 Qb8 20.exd5 Bc8 21.Qd3 f5 22.Be3 f4
23.Bxb6 Qxb6 24.c4 Ng5 25.Bc2 f3 26.Qe3 Qd8 27.g3 Bh3 28.Qd3 Qd7 29.Re4 Nxe4
30.Qxe4 Bf5  0-1

[Event "Open"]
[Site "Ikaros GRE"]
[Date "2003.07.13"]
[Round "2"]
[White "Shavtvaladze,N"]
[Black "Katzourakis,P"]
[Result "1-0"]
[WhiteElo "2439"]
[BlackElo "2101"]

1.e4 e5 2.Nf3 Nc6 3.Bb5 a6 4.Ba4 Nf6 5.O-O b5 6.Bb3 Bb7 7.d4 Na5 8.Bg5 Nxb3
9.axb3 h6 10.Bxf6 gxf6 11.Nc3 d6 12.Nh4 Qd7 13.Qf3 Rg8 14.Nf5 h5 15.dxe5 fxe5
16.Qxh5 Qe6 17.Rad1 O-O-O 18.Rd3 f6 19.Rg3 b4 20.Nd5 Bxd5 21.exd5 Qxd5 22.Ne3 Qe6
23.Rxg8 Qxg8 24.Qe2 Kb7 25.Ra1 Ra8 26.Qf3+ c6 27.Qxf6 Re8 28.Qf5 Qe6 29.Qd3 Ra8
30.Qh7+ Qe7 31.Qxe7+ Bxe7 32.Nf5 Bf8 33.h4 d5 34.g4 Bc5 35.Kg2 Bb6 36.Re1 e4
37.f3 Rg8 38.g5 e3 39.Kg3 d4 40.Kg4 a5 41.h5 Bd8 42.f4 c5 43.h6 a4 44.h7 Rh8
45.g6 Bf6 46.bxa4 Kc7 47.b3 Kd7 48.g7 Bxg7 49.Nxg7 Rxh7 50.Nh5 Rh8 51.Ng3  1-0

[Event "ch-City"]
[Site "Tehran IRI"]
[Date "2003.07.16"]
[Round "5"]
[White "Khakpoor,A"]
[Black "Moradi,B"]
[Result "1/2-1/2"]
[WhiteElo "2252"]
[BlackElo "2220"]

1.e4 e5 2.Nf3 Nc6 3.Bb5 a6 4.Ba4 Nf6 5.O-O b5 6.Bb3 Bb7 7.d3 Bc5 8.Nc3 O-O
9.a4 b4 10.Nd5 h6 11.a5 d6 12.Be3 Bxe3 13.Nxf6+ Qxf6 14.fxe3 Ne7 15.Qe1 c5
16.Nd4 Qg6 17.Nf5 Nxf5 18.Rxf5 Bc8 19.Rf3 Be6 20.Rg3 Qf6 21.Bc4 Bxc4 22.dxc4 Qe6
23.Qe2 Ra7 24.b3 f5 25.exf5 Rxf5 26.Rf1 Rxf1+ 27.Qxf1 Rf7 28.Rf3 e4 29.Rxf7 Qxf7
30.Qd1 Qe6 31.Qh5  1/2-1/2

[Event "ch-NED Open"]
[Site "Dieren NED"]
[Date "2003.07.24"]
[Round "3"]
[White "De Vreugt,D"]
[Black "Leenhouts,K"]
[Result "1/2-1/2"]
[WhiteElo "2459"]
[BlackElo "2296"]

1.e4 e5 2.Nf3 Nc6 3.Bb5 a6 4.Ba4 Nf6 5.O-O b5 6.Bb3 Bb7 7.d3 Be7 8.Nc3 d6
9.a3 O-O 10.Re1 h6 11.Ba2 Bc8 12.Nd5 Nxd5 13.Bxd5 Qe8 14.d4 Bf6 15.dxe5 dxe5
16.Be3 Bd7 17.Qd2 Rd8 18.Qc3 Ne7 19.Bc5 Nxd5 20.exd5 e4 21.Qb4 exf3 22.Be7 Ra8
23.Bxf6 Qc8 24.Be5 Bh3 25.gxf3 Re8 26.Qf4 Qd7 27.Qg3 f6 28.Bxc7 Rac8 29.d6 h5
30.Re3 g5 31.Rae1 Rxe3 32.fxe3 Kf7 33.e4 h4 34.Qf2 Rg8 35.Qa7 Qc6 36.Kf2 g4
37.fxg4  1/2-1/2

[Event "Valoz Cup"]
[Site "Olomouc CZE"]
[Date "2003.08.04"]
[Round "7"]
[White "Meszaros,Mi"]
[Black "De Jong,JW"]
[Result "1-0"]
[WhiteElo "2292"]
[BlackElo "2254"]

1.e4 e5 2.Nf3 Nc6 3.Bb5 a6 4.Ba4 Nf6 5.O-O b5 6.Bb3 Bb7 7.Re1 Bc5 8.c3 d6
9.h3 h6 10.d3 O-O 11.Nbd2 Re8 12.Nf1 d5 13.exd5 Nxd5 14.d4 Bb6 15.dxe5 Na5
16.Bc2 Ne7 17.Bf4 Ng6 18.Bg3 Qe7 19.b3 Nc6 20.b4 a5 21.a3 axb4 22.axb4 Rxa1
23.Qxa1 Nd8 24.N1d2 Ne6 25.Qb1 Ngf4 26.Be4 Bd5 27.Bxd5 Nxd5 28.Ne4 Qd7 29.Qc1 Ra8
30.Nh4 Ra2 31.Nf5 Ng5 32.Nxh6+ gxh6 33.Nxg5 Qf5 34.Ne4 Kg7 35.Qb1 Ra8 36.Qd3 c6
37.Qd2 Ra3 38.Kh2 h5 39.h4 Qg6 40.Qb2 Ra8 41.Re2 Kg8 42.Qb3 Qg4 43.f3 Qg6
44.c4 bxc4 45.Qxc4 Ra1 46.Re1 Ra4 47.Nd6 Rxb4 48.Qxc6 Qe6 49.Qe8+ Kg7 50.Qxe6 fxe6
51.Ne4 Rb2 52.Nf6 Ba5 53.Re4 Nc3 54.Rc4 Nd1 55.Nxh5+ Kh6 56.Nf6 Ne3 57.Rc6  1-0

[Event "II American Continental"]
[Site "Buenos Aires ARG"]
[Date "2003.08.18"]
[Round "2"]
[White "Dominguez,L"]
[Black "Lugo,B"]
[Result "1-0"]
[WhiteElo "2610"]
[BlackElo "2416"]

1.e4 e5 2.Nf3 Nc6 3.Bb5 a6 4.Ba4 Nf6 5.O-O b5 6.Bb3 Bb7 7.d3 Bc5 8.a4 d6
9.Nc3 b4 10.Nd5 Na5 11.Nxf6+ Qxf6 12.Ba2 b3 13.Qe1 bxa2 14.Qxa5 Bb6 15.Qb4 Rb8
16.a5 Ba7 17.Qa4+ c6 18.Be3 Bxe3 19.fxe3 Qh6 20.Rae1 O-O 21.Qxa2 Bc8 22.Nd2 Be6
23.Qa3 c5 24.Qc3 Rb4 25.b3 Qg6 26.Rf3 Rfb8 27.Nc4 Bxc4 28.Rg3 Qf6 29.dxc4 Qd8
30.Ra1 Qd7 31.Qd3 Qe6 32.Rf3 R4b7 33.Rf2 Rd7 34.Rd2 Qh6 35.Qe2 Qh4 36.Qd3 Qh6
37.Rb1 Qh4 38.Qd5 Qd8 39.Ra1 Qc7 40.h3 Rb7 41.Kh2 Rb8 42.Qd3 Rb7 43.Qe2 Qd8
44.Rd5 Rb8 45.Qd2 Qc7 46.Rd1 Rbd8 47.Qe1 h6 48.R1d3 Qb8 49.Qd1 Qc7 50.Qa1 Qc6
51.Qa3 Rb8 52.Qc1 Rbd8 53.Qd2 Qc7 54.b4 cxb4 55.c5 Qc6 56.Rxd6 Rxd6 57.Rxd6 Rxd6
58.cxd6 Qd7 59.Qxb4 h5 60.Qb8+ Kh7 61.Qc7  1-0

[Event "XI Open A"]
[Site "Mislata ESP"]
[Date "2003.08.20"]
[Round "2"]
[White "Alonso,S"]
[Black "Coret Frasquet,J"]
[Result "0-1"]
[WhiteElo "2474"]
[BlackElo "2258"]

1.e4 e5 2.Nf3 Nc6 3.Bb5 a6 4.Ba4 Nf6 5.O-O b5 6.Bb3 Bb7 7.Re1 Bc5 8.h3 d6
9.c3 h6 10.d4 Bb6 11.a4 O-O 12.d5 Ne7 13.axb5 axb5 14.Rxa8 Bxa8 15.Nh4 c6
16.dxc6 Bxc6 17.Qf3 Kh7 18.Nd2 Ng6 19.Nf5 Nf4 20.Bc2 g6 21.Ne3 Ne6 22.Ng4 Nh5
23.Qd1 Nhf4 24.Nf1 h5 25.Nge3 Ng5 26.f3 Ngxh3+ 27.gxh3 Nxh3+ 28.Kg2 Nf4+
29.Kh1 Qh4+ 30.Nh2 f5 31.Rf1 Qh3 32.Rg1 Rf6 33.Qe1 fxe4 34.fxe4 d5 35.Rg3 Qd7
36.Nf3 Qe8 37.exd5 Nxd5 38.Nxd5 Bxd5 39.Be4 Bf2 40.Qxf2 Bxe4 41.Qe3 Qc6 42.Kg2 Rf4
43.Qe2 Rf5 44.Qe3 g5 45.Qa7+ Kg6 46.Qe3 g4 47.Qh6+ Kf7 48.Qh7+ Ke8 49.Kh2 Rxf3
50.Qxh5+ Bg6 51.Qxe5+ Kf7 52.Be3 Rf5 53.Qxf5+ Bxf5 54.Kg1 Qe4 55.Kh2 Be6  0-1

[Event "15th Vidmar mem"]
[Site "Terme Zrece SLO"]
[Date "2003.08.20"]
[Round "3"]
[White "Pavasovic,D"]
[Black "Mikhalchishin,A"]
[Result "1/2-1/2"]
[WhiteElo "2596"]
[BlackElo "2518"]

1.e4 e5 2.Nf3 Nc6 3.Bb5 a6 4.Ba4 Nf6 5.O-O b5 6.Bb3 Bb7 7.c3 Nxe4 8.d4 Na5
9.Nxe5 Nxb3 10.Qxb3 Nd6 11.c4 bxc4 12.Nxc4 Nxc4 13.Qxb7 Be7 14.Nc3 O-O 15.b3 Nd6
16.Qf3 Nb5 17.Ne2 Bf6 18.Be3 c6 19.Rac1 Nc7 20.Nf4 Bg5 21.Nd3 Nd5 22.Ne5 Bxe3
23.fxe3 Qe7  1/2-1/2

[Event "II American Continental"]
[Site "Buenos Aires ARG"]
[Date "2003.08.25"]
[Round "7"]
[White "Romero,Le"]
[Black "Rodi,L"]
[Result "0-1"]
[WhiteElo "2096"]
[BlackElo "2221"]

1.e4 e5 2.Nf3 Nc6 3.Bb5 a6 4.Ba4 Nf6 5.O-O b5 6.Bb3 Bb7 7.Re1 Bc5 8.c3 O-O
9.d4 Bb6 10.Bg5 Re8 11.h3 d6 12.a4 h6 13.Bxf6 Qxf6 14.d5 Ne7 15.Na3 Ng6 16.g3 Bc8
17.Kg2 Nf4+ 18.gxf4 Qg6+ 19.Kh2 Bxf2 20.f5 Qg3+ 21.Kh1 Bxe1 22.Nxe1 Qxh3+
23.Kg1 Qe3+ 24.Kg2 Qxe4+ 25.Qf3 Qxf5 26.Qxf5 Bxf5 27.Bc2 Bxc2 28.Naxc2 f5
29.Nf3 Kf7 30.Ne3 g6 31.Rf1 Kf6 32.Nh4 f4 33.Ng4+ Kg7 34.a5 h5 35.Nf2 g5
36.Nf3 Kg6 37.Ne4 Kf5 38.Re1 Rh8 39.Kh2 Rag8  0-1

[Event "II American Continental"]
[Site "Buenos Aires ARG"]
[Date "2003.08.26"]
[Round "8"]
[White "Ivanov,AV USA"]
[Black "Kaidanov,G"]
[Result "1/2-1/2"]
[WhiteElo "2538"]
[BlackElo "2638"]

1.e4 e5 2.Nf3 Nc6 3.Bb5 a6 4.Ba4 Nf6 5.O-O b5 6.Bb3 Bb7 7.c3 Nxe4 8.d4 Na5
9.Nxe5 Nxb3 10.Qxb3 Nd6 11.Re1 Be7 12.Nd2 O-O 13.a4 Rb8 14.Qc2 g6 15.Nb3 Nf5
16.Nc5 Bxc5 17.dxc5 Qf6 18.f3 Nh4 19.Qd2 d6 20.cxd6 cxd6 21.Qg5 Qxg5 22.Bxg5 Nxg2
23.Kxg2 dxe5 24.Be7 Rfe8 25.Rxe5 Bc6  1/2-1/2